000
00292nam a22001337a 4500
008
170616b xxu||||| |||| 00| 0 eng d
020
_a
0292707762
041
_a
eng
080
_a
32
100
_a
20
101
_a
SHP
245
_a
BETWEEN FIELD & COOKING POT
_c
BABB, F.E
942
_2
udc
_c
BK
999
_c
17857
_d
17857